'One' by Sporcle Category Quiz Stats

 Plays Quiz Updated Mar 9, 2019

Score 0/15 Timer 05:00
3 Plays Today
Question Answer Wrong Answers
Miscellaneous:
Which picture represents the month that is considered the first month of the year (Gregorian calendar), commonly denoted by the number 'one' ?
January
95.6%
February
1.5%
March
2.4%
Holiday:
Which picture best represents something that may happen on the holiday that occurs annually on April 1st?
April Fool's Day Prank
89.9%
Carving a Turkey (Thanksgiving, Christmas, etc)
1.4%
Planting a Tree (Arbor Day, Earth Day)
4.7%
Gaming:
Which of these cards (pictured below) belongs to a game whose name means 'one' in Spanish?
Uno
89.7%
Cards Against Humanity
3.5%
Ticket to Ride
3%
Science:
Which picture below represents the element with the atomic number 1 on the Periodic Table?
Hydrogen
86.5%
Helium
9.7%
Lithium
2.4%
Just For Fun:
Which of these colors becomes a different word if you add 'one' to the end of it?
Red (Redone)
75.1%
Gray
19%
Yellow
3.9%
Television:
Which of these characters from 'Star Trek: The Next Generation' is frequently referred to as 'Number One' by Captain Picard?
William T. Riker
63.5%
Geordi La Forge
18.4%
Beverly Crusher
13.3%
Entertainment:
Which of these musical productions has a song in it titled 'One' ?
A Chorus Line
62.4%
Oklahoma!
12.6%
Cabaret
21.4%
Movies:
'The One' is a science fiction/martial arts movie released in 2001. Which actor stars in this film?
Jet Li
61.7%
Jackie Chan
23.6%
Donnie Yen
11.9%
Music:
Which album cover (pictured below) shows the band that popularized the song 'One' (originally written by Harry Nilsson) in 1969?
Three Dog Night
57.3%
The Temptations
25.8%
The Supremes
15.4%
Literature:
Which of the following is the first book in a series?
'The Clan of the Cave Bear' (1st in the 'Earth's Children' series)
54.4%
'Harry Potter and the Chamber of Secrets' (2nd in the 'Harry Potter' series)
27.6%
'The Subtle Knife' (2nd in the 'His Dark Materials' trilogy)
14.2%
Sports:
Which of these NFL quarterbacks famously wore a number 1 jersey?
Warren Moon
50%
John Elway
16.9%
Joe Montana
28.9%
Geography:
Which flag belongs to the only country in Oceania that has a land border with one other country?
Papua New Guinea (borders Indonesia)
42.9%
Marshall Islands
28.8%
Vanuatu
25.2%
History:
There was only one US President who was never married. Select his portrait.
James Buchanan
39.8%
Chester A. Arthur
29.6%
Millard Fillmore
28.7%
Language:
The only standardized Semitic language that is written in Latin script is Maltese. Can you recognize word 'one' written in Maltese?
Maltese
33.5%
Basque
35.9%
Finnish
26%
Religion:
Which of the following symbols belongs to a monotheistic religion (a religion that worships and believes in one God)?
Zoroastrianism (Zoroastrian)
27.4%
Hinduism (Hindu)
51.6%
Taoism (Tao)
16.6%

You're not logged in!

Compare scores with friends on all Sporcle quizzes.
OR
Log In

Sporcle TV

Today on Sporcle TV


Watch our educational content, quiz creation guides, and fun videos on Sporcle TV.

Show Comments

Extras

Top Quizzes Today


Score Distribution

Your Account Isn't Verified!

In order to create a playlist on Sporcle, you need to verify the email address you used during registration. Go to your Sporcle Settings to finish the process.

Report this User

Report this user for behavior that violates our Community Guidelines.

Details: